000 00586nam a22001697a 4500
005 20150708171608.0
006
008 150708b xxu||||| |||| 00| 0 eng d
022 _a2230-7451
037 _bBahri Publications, 997A/9, PO Box 4453, Gobind Puri, Kalkaji, New Delhi 110019, India
245 0 0 _aLiterary miscellany
260 _aNew Delhi :
_bBahri Publications,
_c2013
300 _av. ;
_c20cm.
310 _aYearly
270 _a1749/A5, Ist Floor, Govindpuri Extension, PO Box No. 4453, Kalkaji
_bNew Delhi
_e110019
_k65810766
_mbahrius@vsnl.com
942 _2ddc
_cSR
_mLIT
_s1
999 _c94748
_d94748